[Event "Oslo ASKO Pinseturnering-B"]
[Site "Oslo"]
[Date "2009.05.30"]
[Round "4"]
[White "Taube, Gregor"]
[Black "Bjelland, Nils Inge"]
[Result "1-0"]
[WhiteElo "1727"]
[BlackElo "1303"]
[PlyCount "31"]
[EventDate "2009.05.30"]
[EventType "swiss"]
[EventRounds "6"]
[EventCountry "NOR"]
[SourceTitle "EXT 2011"]
[Source "ChessBase"]
[SourceDate "2010.11.26"]
[SourceVersion "1"]
[SourceVersionDate "2010.11.26"]
[SourceQuality "1"]

1. e4 e6 2. d4 d5 3. e5 c5 4. c3 Nc6 5. Nf3 Qb6 6. a3 Be7 7. b4 cxd4 8. cxd4 Bd7 9. Bb2 a6 10. Nc3 Na7 11. Rc1 Rc8 12. Bd3 a5 13. b5 Bxb5 14. Nxb5 Rxc1 15. Bxc1 Nxb5 16. Qa4 1-0